|
|
|
|
| LEADER |
00000nkmaa2200000 a 4500 |
| 001 |
vtls011915576 |
| 003 |
SK-MaSNL |
| 005 |
20260331211610.0 |
| 007 |
kh ao |
| 008 |
230802n hu | |||0 k|hun |
| 035 |
|
|
|a 761658BE-0677-4F99-8FED-8BDF64AA5ECE
|
| 035 |
|
|
|a urn:nbn:sk:snk-km43i31
|
| 035 |
|
|
|a urn:nbn:sk:snk-km00e7sm
|
| 040 |
|
|
|a SNKLA
|b slo
|c SNKLA
|e AACR2
|
| 041 |
0 |
|
|a hun
|
| 044 |
|
|
|a hu
|c HU
|
| 100 |
1 |
|
|a Gerber, S.
|c (fotograf)
|4 pht
|9 195354
|
| 245 |
1 |
0 |
|a [Lorenc, Vladimír]
|h grafika
|
| 260 |
|
|
|a [S.l.
|b s.n.
|c s.a.]
|
| 300 |
|
|
|a 1 fotografia
|b v hnedom tóne
|c 11 x 7 cm
|
| 520 |
2 |
|
|a Zobrazenie: Podobizeň Vladimíra Lorenca (1873-1915), syna Viktora Lorenca a Želmíry Lorencovej, rodenej Hurbanovej.
|
| 600 |
1 |
7 |
|a Lorenc, Vladimír,
|d 1873-1915
|2 SNKMA
|9 438350
|
| 655 |
|
7 |
|a portrétne fotografie
|2 SNKPH
|9 305796
|
| 852 |
7 |
|
|a Slovenská národná knižnica v Martine
|b Literárny archív
|
| 958 |
|
|
|a ZO
|
| 958 |
|
|
|a BLA
|
| 999 |
|
|
|c 692339
|d 694269
|
| 952 |
|
|
|a SNKLA
|b SNKLA
|c SNKLA_DEP
|y NEVYP
|7 0
|p 17A1310689
|o snkSL 40/6
|i snkLA 343/1967
|0 0
|1 0
|4 0
|d 2020-02-05
|f 1
|l 0
|r 2026-02-23 20:31:22
|w 2026-02-23
|